[Event "HUN-chT2 Erkel 1516"]
[Site "Hungary"]
[Date "2016.04.03"]
[Round "10.1"]
[White "Frander, Leon Oliver"]
[Black "Gara, Gyorgy"]
[Result "1-0"]
[WhiteElo "2267"]
[BlackElo "2099"]
[PlyCount "81"]
[EventDate "2015.09.13"]
[EventType "team-tourn"]
[EventRounds "11"]
[EventCountry "HUN"]
[SourceTitle "EXT 2017"]
[Source "ChessBase"]
[SourceDate "2016.10.25"]
[SourceVersion "1"]
[SourceVersionDate "2016.10.25"]
[SourceQuality "1"]
[WhiteTeam "Paszto"]
[BlackTeam "Matra"]
[WhiteTeamCountry "HUN"]
[BlackTeamCountry "HUN"]

1. e4 e6 2. d4 d5 3. Nc3 Nc6 4. Nf3 Nf6 5. e5 Ne4 6. Bd3 Bb4 7. Bd2 Nxd2 8. Qxd2 a6 9. a3 Be7 10. Ne2 b6 11. h4 h6 12. 0-0-0 Bb7 13. Rh3 Kd7 14. Rg3 Qf8 15. Kb1 Na5 16. Nf4 Nc4 17. Bxc4 dxc4 18. d5 exd5 19. Nxd5 Kc8 20. Nxe7+ Qxe7 21. Rxg7 Bxf3 22. gxf3 Qxe5 23. Rxf7 Kb7 24. Qe3 Qxe3 25. fxe3 Rad8 26. Kc1 Rxd1+ 27. Kxd1 Rd8+ 28. Kc1 Rd5 29. e4 Rh5 30. Rf4 Kc6 31. Kd2 Kd6 32. Kc3 Ke5 33. Rg4 b5 34. b3 cxb3 35. cxb3 a5 36. Kd3 c5 37. f4+ Kf6 38. f5 Ke7 39. Ke3 Kd6 40. Kf4 Kc6 41. Kg3 1-0

[Event "HUN-chT2 Erkel 1415"]
[Site "Hungary"]
[Date "2015.04.26"]
[Round "9.4"]
[White "Frander, Leon Oliver"]
[Black "Balogh, Zoltan"]
[Result "1-0"]
[WhiteElo "2199"]
[BlackElo "2099"]
[PlyCount "45"]
[EventDate "2014.09.28"]
[EventType "team-tourn"]
[EventRounds "9"]
[EventCountry "HUN"]
[SourceTitle "EXT 2016"]
[Source "ChessBase"]
[SourceDate "2015.10.08"]
[SourceVersion "1"]
[SourceVersionDate "2015.10.08"]
[SourceQuality "1"]
[WhiteTeam "Paszto"]
[BlackTeam "Vizugy"]
[WhiteTeamCountry "HUN"]
[BlackTeamCountry "HUN"]

1. e4 c5 2. Nf3 e6 3. Nc3 a6 4. d4 cxd4 5. Nxd4 b5 6. g3 Bb7 7. Bg2 Qc7 8. 0-0 Nf6 9. Re1 d6 10. Bg5 Nbd7 11. a4 b4 12. Nd5 Nxd5 13. exd5 e5 14. c3 bxc3 15. Rc1 Rc8 16. Rxc3 Qb6 17. Rb3 Qc7 18. Rc3 Qb6 19. a5 Qxa5 20. Nc6 Bxc6 21. dxc6 Nc5 22. Rxe5+ dxe5 23. Rxc5 1-0

[Event "HUN-chT2 Erkel 1415"]
[Site "Hungary"]
[Date "2014.10.05"]
[Round "1.6"]
[White "Sillye, Kalman"]
[Black "Frander, Leon Oliver"]
[Result "1/2-1/2"]
[WhiteElo "2092"]
[BlackElo "2199"]
[PlyCount "136"]
[EventDate "2014.09.28"]
[EventType "team-tourn"]
[EventRounds "9"]
[EventCountry "HUN"]
[SourceTitle "EXT 2016"]
[Source "ChessBase"]
[SourceDate "2015.10.08"]
[SourceVersion "1"]
[SourceVersionDate "2015.10.08"]
[SourceQuality "1"]
[WhiteTeam "GBSE"]
[BlackTeam "Paszto"]
[WhiteTeamCountry "HUN"]
[BlackTeamCountry "HUN"]

1. d4 Nf6 2. Nf3 d5 3. Bf4 c6 4. c3 Bf5 5. e3 Qb6 6. Qb3 Nh5 7. Qxb6 axb6 8. Bc7 Nd7 9. Nbd2 Rc8 10. Bg3 Nxg3 11. hxg3 h6 12. Be2 e6 13. Ne5 Nxe5 14. dxe5 Be7 15. Nf3 c5 16. Bb5+ Kd8 17. Kd2 Kc7 18. Bd3 Bxd3 19. Kxd3 Ra8 20. a3 Kc6 21. Rac1 b5 22. Rhd1 Ra4 23. Nd2 Rd8 24. Ke2 Kb6 25. f4 Raa8 26. Nb3 f6 27. exf6 Bxf6 28. Kf3 Ra4 29. Rc2 e5 30. Rcd2 Kc6 31. g4 b6 32. g3 Rc4 33. Re2 Rd7 34. Nd2 Ra4 35. Nb3 Ra8 36. Red2 Rad8 37. Nc1 e4+ 38. Kf2 d4 39. cxd4 cxd4 40. Rc2+ Kb7 41. exd4 Rxd4 42. Rxd4 Bxd4+ 43. Ke2 Rc8 44. Rd2 Bxb2 45. Rxb2 Rxc1 46. Rxb5 Rc3 47. a4 Kc6 48. g5 Rxg3 49. gxh6 gxh6 50. Rh5 Ra3 51. Rxh6+ Kc5 52. Re6 Rxa4 53. Ke3 b5 54. f5 Kd5 55. Kf4 Ra1 56. Re5+ Kc4 57. Rxe4+ Kc3 58. Re3+ Kc2 59. f6 Ra8 60. Kf5 b4 61. f7 Rf8 62. Kf6 b3 63. Re8 Rxf7+ 64. Kxf7 b2 65. Rc8+ Kd1 66. Rd8+ Kc2 67. Rc8+ Kb3 68. Rb8+ Kc2 1/2-1/2

[Event "HUN-chT2 Erkel 1112"]
[Site "Hungary"]
[Date "2012.01.29"]
[Round "5.2"]
[White "Kovacs, Istvan"]
[Black "Frander, Leon Oliver"]
[Result "1/2-1/2"]
[WhiteElo "2200"]
[BlackElo "2239"]
[PlyCount "62"]
[EventDate "2011.09.25"]
[EventType "team-tourn"]
[EventRounds "11"]
[EventCountry "HUN"]
[SourceTitle "EXT 2013"]
[Source "ChessBase"]
[SourceDate "2012.11.22"]
[SourceVersion "1"]
[SourceVersionDate "2012.11.22"]
[SourceQuality "1"]
[WhiteTeam "Dunaharaszti"]
[BlackTeam "Paszto"]
[WhiteTeamCountry "HUN"]
[BlackTeamCountry "HUN"]

1. e4 e5 2. Nf3 Nc6 3. Bb5 a6 4. Ba4 Nf6 5. 0-0 Be7 6. Re1 b5 7. Bb3 d6 8. c3 Bg4 9. h3 Bxf3 10. Qxf3 0-0 11. d3 a5 12. Bg5 a4 13. Bc2 h6 14. Bh4 Nh7 15. Bg3 Bg5 16. Rd1 Bf6 17. a3 Ng5 18. Qg4 d5 19. Nd2 d4 20. h4 Ne6 21. Nf3 Nf4 22. Nxe5 Bxe5 23. Bxf4 dxc3 24. bxc3 h5 25. Qg5 Qxg5 26. Bxg5 Bxc3 27. Ra2 Nd4 28. Be3 c5 29. Rb1 Ra5 30. Bd1 g6 31. Kf1 Ne6 1/2-1/2

[Event "HUN-chT2 Erkel 1011"]
[Site "Hungary"]
[Date "2011.05.15"]
[Round "11.3"]
[White "Halak, Miklos"]
[Black "Frander, Leon Oliver"]
[Result "1-0"]
[WhiteElo "2109"]
[BlackElo "2243"]
[PlyCount "153"]
[EventDate "2010.09.12"]
[EventType "team-tourn"]
[EventRounds "11"]
[EventCountry "HUN"]
[SourceTitle "EXT 2012"]
[Source "ChessBase"]
[SourceDate "2011.11.24"]
[SourceVersion "1"]
[SourceVersionDate "2011.11.24"]
[SourceQuality "1"]
[WhiteTeam "Foti"]
[BlackTeam "Paszto"]
[WhiteTeamCountry "HUN"]
[BlackTeamCountry "HUN"]

1. e4 e5 2. Nf3 Nc6 3. Bb5 Bc5 4. c3 Nf6 5. 0-0 0-0 6. d4 Bb6 7. Bg5 h6 8. Bh4 d6 9. Bxc6 bxc6 10. dxe5 dxe5 11. Qxd8 Rxd8 12. Nxe5 g5 13. Bg3 Nxe4 14. Nxc6 Re8 15. Nd4 c5 16. Nb5 f5 17. f3 Nxg3 18. hxg3 Ba6 19. N1a3 c4+ 20. Nd4 Rab8 21. Rf2 Kf7 22. Nac2 Kf6 23. Rd2 Bc7 24. Nb4 Bb7 25. Kf2 a5 26. Nbc2 f4 27. g4 Bb6 28. Rh1 Kg6 29. Re1 Rxe1 30. Kxe1 Kf6 31. Nf5 Bc5 32. Nxh6 Ba6 33. Nd4 Rh8 34. Nhf5 Rh1+ 35. Ke2 Bc8 36. Nc2 Bxf5 37. gxf5 Rb1 38. Nd4 Rg1 39. Kf2 Ra1 40. a3 Rb1 41. g4 fxg3+ 42. Kxg3 Rg1+ 43. Kf2 Rb1 44. Kg2 Bb6 45. Kf2 Bc5 46. Ke3 Ke5 47. Rg2 Bxd4+ 48. cxd4+ Kxf5 49. Rd2 Re1+ 50. Kf2 Re8 51. d5 Rd8 52. d6 g4 53. fxg4+ Kxg4 54. Ke3 Kf5 55. Rd5+ Ke6 56. Kd4 Kd7 57. Kxc4 Rc8+ 58. Rc5 Rh8 59. Rxa5 Kxd6 60. Ra6+ Kc7 61. b4 Kb7 62. b5 Rh4+ 63. Kb3 Rg4 64. a4 Rh4 65. Rc6 Rg4 66. a5 Rg1 67. a6+ Ka7 68. Rc7+ Kb8 69. Rb7+ Ka8 70. Rd7 Rg4 71. b6 Rg8 72. Kc4 Kb8 73. Kd5 Rg5+ 74. Kc6 Rg6+ 75. Rd6 Rg8 76. b7 Ka7 77. Kc7 1-0

[Event "HUN-chT2 Erkel 1011"]
[Site "Hungary"]
[Date "2010.11.21"]
[Round "6.3"]
[White "Frander, Leon Oliver"]
[Black "Gledura, Benjamin"]
[Result "1/2-1/2"]
[WhiteElo "2243"]
[BlackElo "2180"]
[PlyCount "83"]
[EventDate "2010.09.12"]
[EventType "team-tourn"]
[EventRounds "11"]
[EventCountry "HUN"]
[SourceTitle "EXT 2012"]
[Source "ChessBase"]
[SourceDate "2011.11.24"]
[SourceVersion "1"]
[SourceVersionDate "2011.11.24"]
[SourceQuality "1"]
[WhiteTeam "Paszto"]
[BlackTeam "Honved"]
[WhiteTeamCountry "HUN"]
[BlackTeamCountry "HUN"]

1. e4 c6 2. d4 d5 3. f3 Qb6 4. Nc3 dxe4 5. fxe4 e5 6. dxe5 Bc5 7. Nf3 Bf2+ 8. Ke2 Be6 9. b3 Bg4 10. h3 Bxf3+ 11. gxf3 Bd4 12. Qd3 Bxe5 13. f4 Bd4 14. Bb2 Qa6 15. Nb5 Qxb5 16. Qxb5 cxb5 17. Bxd4 f6 18. Ke3 a6 19. Rg1 g6 20. a4 bxa4 21. Rxa4 Nc6 22. Bb2 0-0-0 23. Bc4 Nge7 24. Bxf6 Rhe8 25. Kf3 b5 26. Be6+ Kb7 27. Raa1 Rd6 28. Bf7 Rf8 29. e5 Rd2 30. e6 Rfd8 31. Rge1 Nd4+ 32. Bxd4 R2xd4 33. Re4 Rd2 34. Re2 R2d4 35. Rae1 Kb6 36. c3 Rd3+ 37. Re3 R3d6 38. h4 Rd5 39. Re5 Rd3+ 40. R1e3 a5 41. Rxd3 Rxd3+ 42. Re3 1/2-1/2

[Event "HUN-chT2 Erkel 1011"]
[Site "Hungary"]
[Date "2010.10.10"]
[Round "3.2"]
[White "Rozgonyi, Aron"]
[Black "Frander, Leon Oliver"]
[Result "1-0"]
[WhiteElo "2166"]
[BlackElo "2243"]
[PlyCount "66"]
[EventDate "2010.09.12"]
[EventType "team-tourn"]
[EventRounds "11"]
[EventCountry "HUN"]
[SourceTitle "EXT 2012"]
[Source "ChessBase"]
[SourceDate "2011.11.24"]
[SourceVersion "1"]
[SourceVersionDate "2011.11.24"]
[SourceQuality "1"]
[WhiteTeam "Dunaharaszti II"]
[BlackTeam "Paszto"]
[WhiteTeamCountry "HUN"]
[BlackTeamCountry "HUN"]

1. d4 Nf6 2. c4 e6 3. Nf3 Bb4+ 4. Nc3 b6 5. Bg5 h6 6. Bh4 Bb7 7. e3 g5 8. Bg3 Ne4 9. Qc2 Bxc3+ 10. bxc3 d6 11. Bd3 f5 12. 0-0 Nd7 13. Nd2 Nxd2 14. Qxd2 Qf6 15. f3 h5 16. e4 h4 17. Bf2 h3 18. g3 f4 19. Rab1 fxg3 20. Bxg3 e5 21. Bc2 0-0-0 22. Ba4 g4 23. Qd3 Qg6 24. Rbe1 Nf6 25. Bd1 Ba6 26. Be2 d5 27. exd5 e4 28. fxe4 Nh5 29. e5 Qg7 30. e6 Rxd5 31. Qe4 Nxg3 32. hxg3 h2+ 33. Kh1 Re5 1-0

[Event "HUN-chT2 Erkel 0809"]
[Site "Hungary"]
[Date "2009.02.08"]
[Round "7.2"]
[White "Istvanovszky, Martin"]
[Black "Frander, Leon Oliver"]
[Result "0-1"]
[WhiteElo "2205"]
[BlackElo "2230"]
[PlyCount "46"]
[EventDate "2008.10.26"]
[EventType "team-tourn"]
[EventRounds "11"]
[EventCountry "HUN"]
[SourceTitle "EXT 2010"]
[Source "ChessBase"]
[SourceDate "2010.11.25"]
[SourceVersion "1"]
[SourceVersionDate "2010.11.25"]
[SourceQuality "1"]
[WhiteTeam "PSE II"]
[BlackTeam "Paszto"]
[WhiteTeamCountry "HUN"]
[BlackTeamCountry "HUN"]

1. d4 Nf6 2. Bg5 d5 3. Bxf6 exf6 4. e3 c6 5. g3 Bd6 6. Bg2 0-0 7. Nd2 Re8 8. Ne2 Be6 9. 0-0 Nd7 10. Re1 f5 11. b3 Nf6 12. Nf1 Qa5 13. Qd3 Qa3 14. f3 Re7 15. h3 Rae8 16. g4 fxg4 17. hxg4 Qa5 18. Red1 Bxg4 19. fxg4 Nxg4 20. e4 dxe4 21. Qh3 Qg5 22. c4 Re6 23. Qc3 Qh4 0-1

[Event "HUN-chT2 Erkel 0708"]
[Site "Hungary"]
[Date "2008.05.18"]
[Round "11"]
[White "Frander, Leon Oliver"]
[Black "Csoke, Krisztian"]
[Result "1/2-1/2"]
[WhiteElo "2221"]
[BlackElo "2265"]
[PlyCount "27"]
[EventDate "2007.10.14"]
[EventType "team"]
[EventRounds "11"]
[EventCountry "HUN"]
[SourceTitle "EXT 2009"]
[Source "ChessBase"]
[SourceDate "2008.11.26"]
[SourceVersion "1"]
[SourceVersionDate "2008.11.26"]
[SourceQuality "1"]
[WhiteTeam "Paszto"]
[BlackTeam "Keviterv"]
[WhiteTeamCountry "HUN"]
[BlackTeamCountry "HUN"]

1. e4 c5 2. Nf3 Nc6 3. Nc3 e6 4. d4 cxd4 5. Nxd4 a6 6. Be3 Qc7 7. Be2 Nf6 8. 0-0 Be7 9. f4 d6 10. Kh1 Bd7 11. Qe1 0-0 12. Qg3 Ne8 13. Rad1 Bf6 14. Qf2 1/2-1/2

[Event "HUN-chT2 Erkel 0708"]
[Site "Hungary"]
[Date "2008.04.27"]
[Round "10"]
[White "Frander, Leon Oliver"]
[Black "Vrona, Mihail"]
[Result "0-1"]
[WhiteElo "2221"]
[BlackElo "2119"]
[PlyCount "115"]
[EventDate "2007.10.14"]
[EventType "team"]
[EventRounds "11"]
[EventCountry "HUN"]
[SourceTitle "EXT 2009"]
[Source "ChessBase"]
[SourceDate "2008.11.26"]
[SourceVersion "1"]
[SourceVersionDate "2008.11.26"]
[SourceQuality "1"]
[WhiteTeam "Paszto"]
[BlackTeam "Foti"]
[WhiteTeamCountry "HUN"]
[BlackTeamCountry "HUN"]

1. e4 e5 2. Nf3 Nc6 3. Bc4 Be7 4. d4 d6 5. 0-0 Nf6 6. Nc3 Bg4 7. d5 Nd4 8. Be3 Nxf3+ 9. gxf3 Bh3 10. Re1 0-0 11. f4 exf4 12. Bxf4 Qd7 13. Kh1 Qg4 14. Qxg4 Nxg4 15. Kg1 Bf6 16. Rad1 Ne5 17. Be2 Rfe8 18. Bg3 g5 19. Nb5 Re7 20. c3 Kg7 21. Nd4 Kg6 22. Bxe5 Bxe5 23. Bd3 Kf6 24. Nf5 Bxf5 25. exf5 Rae8 26. Kg2 Bf4 27. Rxe7 Rxe7 28. h3 c5 29. dxc6 bxc6 30. Kf3 Rb7 31. b3 Be5 32. c4 h5 33. Be4 Rb6 34. Rc1 Ra6 35. a4 Rb6 36. Rb1 a5 37. Ke3 Bf4+ 38. Kd3 Ke5 39. Bf3 h4 40. Bg4 d5 41. cxd5 cxd5 42. Bf3 Kd6 43. Bh5 Rb7 44. Bf3 Be5 45. Ke2 Bc3 46. Rd1 Re7+ 47. Kd3 Bb4 48. Rc1 Bc5 49. Rf1 Re5 50. Bg4 Re4 51. Kc2 f6 52. Kd3 Rb4 53. Kc2 Rf4 54. f3 Bd4 55. Rb1 Be5 56. Kd3 Rd4+ 57. Kc2 Rb4 58. Bh5 0-1

[Event "HUN-chT2 Erkel 0708"]
[Site "Hungary"]
[Date "2007.12.16"]
[Round "5"]
[White "Orgovan, Sandor"]
[Black "Frander, Leon Oliver"]
[Result "1/2-1/2"]
[WhiteElo "2265"]
[BlackElo "2221"]
[PlyCount "39"]
[EventDate "2007.10.14"]
[EventType "team"]
[EventRounds "11"]
[EventCountry "HUN"]
[SourceTitle "EXT 2009"]
[Source "ChessBase"]
[SourceDate "2008.11.26"]
[SourceVersion "1"]
[SourceVersionDate "2008.11.26"]
[SourceQuality "1"]
[WhiteTeam "Statisztika II"]
[BlackTeam "Paszto"]
[WhiteTeamCountry "HUN"]
[BlackTeamCountry "HUN"]

1. e4 e5 2. Nf3 Nc6 3. d4 exd4 4. Nxd4 Nf6 5. Nc3 Bb4 6. Nxc6 bxc6 7. Bd3 d5 8. exd5 cxd5 9. 0-0 0-0 10. Bg5 c6 11. h3 h6 12. Bh4 Be7 13. Re1 Rb8 14. Rb1 Be6 15. Ne2 Rb4 16. Bg3 c5 17. Nf4 Bc8 18. c3 Rb6 19. c4 d4 20. Nh5 1/2-1/2

[Event "HUN-chT2 Erkel 0607"]
[Site "Hungary"]
[Date "2007.05.06"]
[Round "10"]
[White "Frander, Leon Oliver"]
[Black "Tamassy, Zoltan"]
[Result "1-0"]
[WhiteElo "2205"]
[BlackElo "2242"]
[PlyCount "121"]
[EventDate "2006.11.12"]
[EventType "team"]
[EventRounds "11"]
[EventCountry "HUN"]
[SourceTitle "EXT 2008"]
[Source "ChessBase"]
[SourceDate "2007.11.25"]
[SourceVersion "1"]
[SourceVersionDate "2007.11.25"]
[SourceQuality "1"]
[WhiteTeam "Paszto"]
[BlackTeam "Hobagoly"]
[WhiteTeamCountry "HUN"]
[BlackTeamCountry "HUN"]

1. e4 d6 2. d4 c6 3. Nf3 g6 4. Be2 Bg7 5. 0-0 Bg4 6. h3 Bxf3 7. Bxf3 Nd7 8. c3 Qc7 9. Be3 Ngf6 10. a4 0-0 11. Na3 a6 12. Qd2 Rfd8 13. Nc2 Rac8 14. g4 e5 15. g5 Ne8 16. Bg2 f5 17. exf5 gxf5 18. f4 e4 19. h4 d5 20. Bh3 Nd6 21. b3 Nf8 22. Qe2 Qf7 23. Kh1 h5 24. Rg1 Qg6 25. Rg3 Ne6 26. Qd1 Bf8 27. Bf1 Ne8 28. Be2 Nf6 29. Rg1 Ng4 30. Qd2 Bd6 31. Raf1 Ng7 32. b4 b5 33. a5 Qe6 34. Kg2 Kf7 35. Rh1 Kg6 36. Kg3 Qd7 37. Ne1 Qc7 38. Ng2 Rh8 39. Rhg1 Rcf8 40. Rh1 Ne6 41. Bd1 Qe7 42. Kh3 Nxe3 43. Qxe3 Bxb4 44. cxb4 Qxb4 45. Qc1 Rc8 46. Ne3 Qxd4 47. Be2 Qb4 48. Rhg1 Qc5 49. Qxc5 Nxc5 50. Rd1 Ne6 51. Kg3 d4 52. Nc4 c5 53. Ne5+ Kg7 54. g6 Rh6 55. Rb1 d3 56. Bxd3 exd3 57. Nxd3 Rxg6+ 58. Kf3 c4 59. Rxg6+ Kxg6 60. Ne5+ Kf6 61. Re1 1-0

[Event "HUN-chT2 Erkel 0607"]
[Site "Hungary"]
[Date "2007.04.29"]
[Round "9"]
[White "Istvanovszky, Kalman"]
[Black "Frander, Leon Oliver"]
[Result "1-0"]
[WhiteElo "2228"]
[BlackElo "2205"]
[PlyCount "57"]
[EventDate "2006.11.12"]
[EventType "team"]
[EventRounds "11"]
[EventCountry "HUN"]
[SourceTitle "EXT 2008"]
[Source "ChessBase"]
[SourceDate "2007.11.25"]
[SourceVersion "1"]
[SourceVersionDate "2007.11.25"]
[SourceQuality "1"]
[WhiteTeam "Vasarteri"]
[BlackTeam "Paszto"]
[WhiteTeamCountry "HUN"]
[BlackTeamCountry "HUN"]

1. e4 e5 2. d4 exd4 3. Qxd4 Nc6 4. Qe3 Nf6 5. Nc3 Bb4 6. Bd2 0-0 7. 0-0-0 Re8 8. Qg3 Rxe4 9. a3 Rg4 10. Qe3 Bxc3 11. Bxc3 d6 12. f3 Rg6 13. Ne2 h5 14. Nf4 Rh6 15. Bc4 Bd7 16. Rhe1 Qf8 17. Bxf6 Rxf6 18. Nxh5 Rf5 19. g4 Re5 20. Qc3 Rae8 21. Rxe5 Rxe5 22. Nf4 b5 23. Ng6 Qd8 24. Nxe5 Nxe5 25. Bd5 c6 26. Be4 Qc7 27. h3 Nc4 28. Bd3 Nb6 29. Bxb5 1-0

[Event "HUN-chT2 Erkel 0607"]
[Site "Hungary"]
[Date "2007.03.25"]
[Round "7"]
[White "Frander, Leon Oliver"]
[Black "Papista, Akos"]
[Result "1/2-1/2"]
[WhiteElo "2205"]
[BlackElo "2161"]
[PlyCount "32"]
[EventDate "2006.11.12"]
[EventType "team"]
[EventRounds "11"]
[EventCountry "HUN"]
[SourceTitle "EXT 2008"]
[Source "ChessBase"]
[SourceDate "2007.11.25"]
[SourceVersion "1"]
[SourceVersionDate "2007.11.25"]
[SourceQuality "1"]
[WhiteTeam "Paszto"]
[BlackTeam "Keviterv"]
[WhiteTeamCountry "HUN"]
[BlackTeamCountry "HUN"]

1. e4 e5 2. Bc4 Nc6 3. Nf3 Bc5 4. b4 Bb6 5. a4 a6 6. Nc3 d6 7. Nd5 Nf6 8. Nxb6 cxb6 9. 0-0 Bg4 10. Re1 Nxb4 11. Ba3 Nc6 12. h3 Bxf3 13. Qxf3 Qc7 14. c3 0-0 15. Ba2 Nd7 16. d4 Nf6 1/2-1/2

[Event "HUN-chT2 Erkel 0304"]
[Site "Hungary"]
[Date "2004.02.22"]
[Round "8"]
[White "Sull, Gyula"]
[Black "Frander, Leon Oliver"]
[Result "0-1"]
[WhiteElo "2106"]
[BlackElo "2191"]
[PlyCount "79"]
[EventDate "2003.09.28"]
[EventType "team"]
[EventRounds "11"]
[EventCountry "HUN"]
[SourceTitle "EXT 2009"]
[Source "ChessBase"]
[SourceDate "2008.11.26"]
[SourceVersion "1"]
[SourceVersionDate "2008.11.26"]
[SourceQuality "1"]
[WhiteTeam "Hatvan"]
[BlackTeam "Heves"]
[WhiteTeamCountry "HUN"]
[BlackTeamCountry "HUN"]

1. d4 f5 2. c4 Nf6 3. Nc3 e6 4. g3 d5 5. Bg2 c6 6. cxd5 exd5 7. Nf3 Bd6 8. 0-0 Qe7 9. Qc2 0-0 10. Bg5 h6 11. Bxf6 Qxf6 12. e3 Nd7 13. Rab1 Qe7 14. Nh4 Qe6 15. Bh3 Nb6 16. Rbe1 g5 17. Ng2 Qf7 18. f3 Qh5 19. Bxf5 Bxf5 20. e4 Bh3 21. e5 Bb4 22. f4 Bxc3 23. bxc3 Bf5 24. Qb3 Nc4 25. Qxb7 Nd2 26. Qxc6 Nxf1 27. Qxd5+ Kh8 28. Rxf1 Bh3 29. f5 Rab8 30. e6 Rb2 31. e7 Re8 32. Qe5+ Kh7 33. Rf2 Rxf2 34. Kxf2 Qf7 35. f6 Qxa2+ 36. Ke3 Qxg2 37. f7 Qg1+ 38. Ke4 Qh1+ 39. Ke3 Qe1+ 40. Kd3 0-1